[Event "Dubai Open"]
[Site "Dubai UAE"]
[Date "2023.05.29"]
[Round "3.8"]
[White "Arjun Erigaisi"]
[Black "Evgeny Romanov"]
[Result "1-0"]
[EventDate "2023.05.27"]
[WhiteElo "2701"]
[BlackElo "2578"]
[PlyCount "60"]

1. e4 e6 2. d4 d5 3. Nc3 Bb4 4. e5 c5 5. a3 Bxc3+ 6. bxc3 Qc7 7. Qg4 f6 8. Nf3 Nc6 9. Bb5 Qf7 10. O-O Ne7 11. a4 f5 12. Qh4 c4 13. Ba3 Bd7 14. Ng5 Qg6 15. Rfb1 Nc8 16. f4 h6 17. Nf3 Nd8 18. h3 Qf7 19. Bd6 Bxb5 20. axb5 Qd7 21. Bb4 Nf7 22. Qh5 g5 23. g4 fxg4 24. Nh2 gxf4 25. Nxg4 Kd8 26. Nf6 Qc7 27. h4 b6 28. Kf2 a5 29. bxa6 Na7 30. Rg1 1-0

[Event "Dubai Open"]
[Site "Dubai UAE"]
[Date "2023.05.28"]
[Round "2.3"]
[White "Mikheil Mchedlishvili"]
[Black "Arjun Erigaisi"]
[Result "1/2-1/2"]
[EventDate "2023.05.27"]
[WhiteElo "2553"]
[BlackElo "2701"]
[PlyCount "56"]

1. e4 c5 2. c3 d5 3. exd5 Qxd5 4. d4 Nf6 5. Nf3 e6 6. Na3 Nc6 7. Be3 cxd4 8. Nb5 Qd7 9. Nbxd4 Be7 10. Nxc6 Qxc6 11. Ne5 Qe4 12. Qd4 Qxd4 13. Bxd4 Nd5 14. Bb5+ Kf8 15. Bc4 f6 16. Nd3 Nc7 17. Be3 e5 18. O-O-O Be6 19. Bxe6 Nxe6 20. f4 exf4 21. Nxf4 Nxf4 22. Bxf4 Rd8 23. Rxd8+ Bxd8 24. Rd1 Ke7 25. Re1+ Kd7 26. Rd1+ Ke7 27. Re1+ Kd7 28. Rd1+ 1/2-1/2

[Event "Dubai Open"]
[Site "Dubai UAE"]
[Date "2023.05.27"]
[Round "1.3"]
[White "Arjun Erigaisi"]
[Black "Rithvik R Raja"]
[Result "1-0"]
[EventDate "2023.05.27"]
[WhiteElo "2701"]
[BlackElo "2476"]
[PlyCount "154"]

1. d4 Nf6 2. c4 e6 3. Bg5 Bb4+ 4. Nd2 h6 5. Bh4 g5 6. Bg3 Ne4 7. Nf3 h5 8. Qc2 Nxd2 9. Nxd2 Nc6 10. d5 h4 11. Bxc7 Qxc7 12. dxc6 bxc6 13. a3 Qa5 14. Rd1 Be7 15. e3 Rb8 16. Be2 f5 17. h3 Rg8 18. O-O Qe5 19. b4 c5 20. Qd3 cxb4 21. axb4 Bxb4 22. Rb1 a5 23. Rfd1 Ke7 24. Kf1 Bb7 25. Bf3 Ba6 26. e4 fxe4 27. Bxe4 Bxd2 28. Qxd2 Bxc4+ 29. Kg1 d5 30. Qxa5 Rxb1 31. Bxb1 Kf6 32. Re1 Qd6 33. Qc3+ Kf7 34. Qe3 Rg7 35. Bc2 Kf6 36. Qc3+ Kf7 37. Ra1 Qc5 38. Qe5 Rg8 39. Bh7 Rg7 40. Bf5 exf5 41. Qxf5+ Ke7 42. Ra8 Qd4 43. Qf8+ Ke6 44. Re8+ Kd7 45. Rd8+ Kc7 46. Qd6+ Kb7 47. Qb4+ Ka7 48. Qa4+ Kb6 49. Qb4+ Ka7 50. Qa5+ Ba6 51. Rd6 Qc4 52. Qb6+ Ka8 53. Qxa6+ Qxa6 54. Rxa6+ Kb7 55. Rd6 Kc7 56. Rxd5 Kc6 57. Rd4 Rf7 58. g3 hxg3 59. fxg3 Kc5 60. Rd8 Kc6 61. Kg2 Rf5 62. Rd2 Kc7 63. Rd4 Kc6 64. Rd3 Kc7 65. g4 Ra5 66. Kg3 Ra1 67. Rd5 Ra3+ 68. Kg2 Ra2+ 69. Kf3 Ra3+ 70. Ke4 Kc6 71. Rxg5 Rxh3 72. Kf5 Kd6 73. Rg7 Rf3+ 74. Kg6 Ke6 75. g5 Ra3 76. Rb7 Rg3 77. Kh6 Kd5 1-0

[Event "Sharjah Masters"]
[Site "Sharjah UAE"]
[Date "2023.05.25"]
[Round "9.3"]
[White "Arjun Erigaisi"]
[Black "Nodirbek Yakubboev"]
[Result "1-0"]
[EventDate "2023.05.17"]
[WhiteElo "2701"]
[BlackElo "2630"]
[PlyCount "54"]

1. e4 e5 2. Nf3 Nc6 3. Bc4 Bc5 4. c3 Nf6 5. d3 O-O 6. O-O d5 7. exd5 Nxd5 8. Re1 Bg4 9. h3 Bh5 10. b4 Be7 11. b5 Na5 12. Rxe5 Bxf3 13. Qxf3 Nb6 14. Bb3 Bf6 15. Rf5 a6 16. bxa6 Rxa6 17. Bc2 Re8 18. Be3 c6 19. Nd2 Bxc3 20. Rb1 g6 21. Rxf7 Rxe3 22. fxe3 Bxd2 23. Rf1 Ra8 24. Qf2 Bc3 25. d4 Nd5 26. Bxg6 Nxe3 27. Rg7+ 1-0

[Event "Sharjah Masters"]
[Site "Sharjah UAE"]
[Date "2023.05.23"]
[Round "7.9"]
[White "Arjun Erigaisi"]
[Black "Sergei Azarov"]
[Result "1-0"]
[EventDate "2023.05.17"]
[WhiteElo "2701"]
[BlackElo "2582"]
[PlyCount "108"]

1. d4 Nf6 2. Bf4 d5 3. e3 c5 4. Nf3 Nc6 5. Nbd2 Bg4 6. c3 e6 7. Qb3 Qc8 8. Nh4 Bh5 9. h3 cxd4 10. exd4 Qd7 11. Bd3 Bd6 12. Bxd6 Qxd6 13. Nhf3 O-O 14. O-O Rab8 15. a4 Qc7 16. Qa3 Bg6 17. Bb5 Ne4 18. Rfe1 Nxd2 19. Nxd2 Ne7 20. a5 Nf5 21. Bf1 b6 22. axb6 axb6 23. Nf3 Nd6 24. Ne5 Bf5 25. Qa4 f6 26. Nd3 Nc4 27. Nb4 b5 28. Qd1 Ra8 29. Qe2 Rae8 30. Ra6 h6 31. Rea1 Be4 32. Ra7 Qf4 33. Qg4 Qg5 34. b3 Nd6 35. Rd7 Nf7 36. Qxg5 hxg5 37. Bxb5 Rb8 38. Bc6 Nd8 39. Ba4 Rc8 40. Rc1 Rf7 41. Rd6 Ra7 42. Bd7 Rca8 43. Bxe6+ Nxe6 44. Rxe6 Ra3 45. f3 Bf5 46. Re2 Rxb3 47. Nxd5 Kf8 48. Kf2 Raa3 49. c4 Rd3 50. Ne3 Bc8 51. d5 Ba6 52. Rb1 Rac3 53. Rb4 Kg8 54. Ra4 1-0

[Event "Sharjah Masters"]
[Site "Sharjah UAE"]
[Date "2023.05.22"]
[Round "6.10"]
[White "Shant Sargsyan"]
[Black "Arjun Erigaisi"]
[Result "1/2-1/2"]
[EventDate "2023.05.17"]
[WhiteElo "2630"]
[BlackElo "2701"]
[PlyCount "68"]

1. d4 d5 2. c4 e6 3. Nf3 Nf6 4. g3 Bb4+ 5. Bd2 Be7 6. Bg2 Nbd7 7. Qc2 c6 8. O-O Ne4 9. Bf4 g5 10. Bc1 f5 11. Nc3 h5 12. Rb1 a5 13. a3 h4 14. b4 hxg3 15. hxg3 axb4 16. axb4 Bf6 17. Rd1 Nb6 18. Nxe4 fxe4 19. Ne5 Bxe5 20. dxe5 Nxc4 21. Bxe4 b5 22. Bg2 Rh6 23. Qc3 Qe7 24. Ra1 Rxa1 25. Qxa1 Kd8 26. e4 Rh7 27. exd5 cxd5 28. Qa8 Kc7 29. Be3 Bb7 30. Qa7 Kc8 31. Bc5 Qc7 32. Bd4 Qe7 33. Bc5 Qc7 34. Bd4 Qe7 1/2-1/2

[Event "Sharjah Masters"]
[Site "Sharjah UAE"]
[Date "2023.05.19"]
[Round "3.6"]
[White "Arjun Erigaisi"]
[Black "Thai Dai Van Nguyen"]
[Result "1/2-1/2"]
[EventDate "2023.05.17"]
[WhiteElo "2701"]
[BlackElo "2645"]
[PlyCount "48"]

1. e4 e5 2. Nf3 Nc6 3. Bb5 Nf6 4. O-O Nxe4 5. d4 Nd6 6. dxe5 Nxb5 7. a4 Nbd4 8. Nxd4 d5 9. Nxc6 bxc6 10. Qf3 Be7 11. Qg3 Kf8 12. b3 Bf5 13. Qc3 c5 14. Ba3 d4 15. Qc4 Be6 16. Qe2 Qd5 17. c4 Qc6 18. Nd2 Bf5 19. Qh5 Qg6 20. Qf3 Rb8 21. Rfe1 Bg4 22. Qf4 Bh3 23. Qf3 Bg4 24. Qf4 Bh3 1/2-1/2

[Event "Sharjah Masters"]
[Site "Sharjah UAE"]
[Date "2023.05.18"]
[Round "2.5"]
[White "Mustafa Yilmaz"]
[Black "Arjun Erigaisi"]
[Result "1/2-1/2"]
[EventDate "2023.05.17"]
[WhiteElo "2641"]
[BlackElo "2701"]
[PlyCount "58"]

1. d4 Nf6 2. c4 e6 3. Nf3 d5 4. Nc3 Nbd7 5. cxd5 exd5 6. Bg5 Bb4 7. e3 c5 8. Bd3 Qa5 9. Qc2 c4 10. Bf5 O-O 11. O-O Re8 12. Nd2 Qa6 13. Rae1 h6 14. Bh4 b5 15. f3 Nf8 16. Bxc8 Raxc8 17. a4 bxa4 18. Bxf6 Bxc3 19. bxc3 Qxf6 20. Qxa4 Qg5 21. f4 Qf5 22. e4 dxe4 23. Nxc4 Qe6 24. Ne5 f6 25. f5 Qd5 26. Ng4 Qc4 27. Qxc4+ Rxc4 28. Re3 Rec8 29. Rxe4 1/2-1/2

[Event "TePe Sigeman & Co"]
[Site "Malmo SWE"]
[Date "2023.05.10"]
[Round "7"]
[White "Vincent Keymer"]
[Black "Arjun Erigaisi"]
[Result "1/2-1/2"]
[EventDate "2023.05.04"]
[WhiteElo "2700"]
[BlackElo "2701"]
[PlyCount "96"]

1. c4 e5 2. g3 d6 3. Bg2 f5 4. Nc3 Nf6 5. b4 Be7 6. d3 O-O 7. Nf3 Qe8 8. O-O a6 9. e3 h6 10. Nd2 c6 11. f4 Be6 12. Bb2 Nbd7 13. Qe2 Bd8 14. Rae1 Bc7 15. Nf3 Qh5 16. Qc2 Rae8 17. Nd1 e4 18. Nd4 Bf7 19. dxe4 fxe4 20. Nf2 Nb6 21. c5 dxc5 22. bxc5 Nc4 23. Ba1 Qxc5 24. g4 Bb6 25. Nf5 Nd6 26. Qxc5 Bxc5 27. Nxd6 Bxd6 28. Bxf6 gxf6 29. Nxe4 Be7 30. Rb1 b5 31. Rfc1 Bxa2 32. Ra1 Bd5 33. Ng3 Bxg2 34. Kxg2 c5 35. Nf5 c4 36. Rxa6 Bc5 37. Ra5 Bxe3 38. Nxe3 Rxe3 39. Rxb5 Rc8 40. g5 c3 41. Rd5 c2 42. Rd2 Rec3 43. gxf6 Kf7 44. Rf2 Kxf6 45. f5 h5 46. h3 h4 47. Kh2 R8c7 48. Kg2 1/2-1/2

[Event "TePe Sigeman & Co"]
[Site "Malmo SWE"]
[Date "2023.05.09"]
[Round "6"]
[White "Arjun Erigaisi"]
[Black "Abhimanyu Mishra"]
[Result "1/2-1/2"]
[EventDate "2023.05.04"]
[WhiteElo "2701"]
[BlackElo "2550"]
[PlyCount "66"]

1. d4 d5 2. Nc3 Nf6 3. Bf4 e6 4. Nb5 Na6 5. e3 Be7 6. Nf3 O-O 7. h4 c6 8. Nc3 Qb6 9. a3 c5 10. Rb1 Bd7 11. Bd3 c4 12. Be2 Nc7 13. Ne5 Nb5 14. g4 Nxc3 15. bxc3 Qa6 16. Bf3 Bc6 17. g5 Nd7 18. Nxd7 Bxd7 19. Ra1 Bd6 20. h5 Bxf4 21. exf4 Qd6 22. Qd2 f6 23. g6 h6 24. O-O f5 25. Rfb1 b6 26. Re1 Rfe8 27. Re5 Re7 28. Kg2 Rae8 29. Kg3 Kf8 30. Kg2 Kg8 31. Kg3 Kf8 32. Kg2 Kg8 33. Kg3 Kf8 1/2-1/2

[Event "TePe Sigeman & Co Chess"]
[Site "Malmo SWE"]
[Date "2023.05.08"]
[Round "5"]
[White "Van Foreest,Jorden"]
[Black "Arjun Erigaisi"]
[Result "1-0"]
[EventDate "2023.05.04"]
[WhiteElo "2680"]
[BlackElo "2701"]
[PlyCount "102"]

1. e4 e5 2. Nf3 Nc6 3. Nc3 Nf6 4. Bb5 Bd6 5. d3 O-O 6. Ba4 a6 7. O-O h6 8. Ne2 Re8 9. Bd2 Rb8 10. Ng3 b5 11. Bb3 Bf8 12. a4 d6 13. axb5 axb5 14. c3 Be6 15. Bxe6 Rxe6 16. d4 d5 17. dxe5 Nxe4 18. Nd4 Nxd4 19. cxd4 Nxg3 20. hxg3 c5 21. Be3 Rc8 22. f4 cxd4 23. Bxd4 Bc5 24. Kh2 Re8 25. Ra6 Bxd4 26. Rd6 Qc7 27. Qxd4 Qc4 28. Rd1 Qxd4 29. Rxd4 Rc2 30. Rb4 Rc5 31. Rd4 Rc2 32. R4xd5 Rxb2 33. Rb6 h5 34. Rb7 Re2 35. Rdd7 Rf8 36. Kh3 g6 37. Rxb5 Kg7 38. Rbb7 Re1 39. Kh2 Kg8 40. g4 hxg4 41. Kg3 Re2 42. Re7 Kg7 43. Ra7 Kg8 44. Rab7 Kg7 45. Rb6 Kh8 46. Ra6 Kh7 47. Rf6 Kg8 48. e6 Rxe6 49. Rexe6 fxe6 50. Rxf8+ Kxf8 51. Kxg4 1-0

[Event "TePe Sigeman & Co"]
[Site "Malmo SWE"]
[Date "2023.05.07"]
[Round "4"]
[White "Arjun Erigaisi"]
[Black "Dommaraju Gukesh"]
[Result "1-0"]
[EventDate "2023.05.04"]
[WhiteElo "2701"]
[BlackElo "2730"]
[PlyCount "76"]

1. e4 e5 2. Nf3 Nc6 3. Bb5 Nf6 4. d3 Bc5 5. O-O Nd4 6. Nxd4 Bxd4 7. c3 Bb6 8. Ba4 O-O 9. Bg5 h6 10. Bh4 d6 11. h3 g5 12. Bg3 c6 13. Nd2 Be6 14. Bc2 Re8 15. Kh1 Bc7 16. d4 b5 17. a4 a5 18. Re1 Rb8 19. axb5 cxb5 20. Nf1 b4 21. Ba4 Rf8 22. Rc1 bxc3 23. bxc3 exd4 24. cxd4 Rb4 25. d5 Bc8 26. Qc2 Bb6 27. e5 dxe5 28. Bxe5 Bd4 29. Bxd4 Rxd4 30. Bb3 Nxd5 31. Qc6 Nf4 32. Qxh6 Bf5 33. Rc6 Rd3 34. Re5 Rxb3 35. Rxf5 f6 36. Rxf4 gxf4 37. Qg6+ Kh8 38. Rc5 1-0

[Event "TePe Sigeman & Co"]
[Site "Malmo SWE"]
[Date "2023.05.06"]
[Round "3"]
[White "Peter Svidler"]
[Black "Arjun Erigaisi"]
[Result "1-0"]
[EventDate "2023.05.04"]
[WhiteElo "2683"]
[BlackElo "2701"]
[PlyCount "108"]

1. c4 e5 2. g3 d6 3. Nc3 f5 4. d4 Be7 5. Nf3 e4 6. Nh4 c6 7. Ng2 Na6 8. h4 Nc7 9. Qb3 Nf6 10. Bg5 O-O 11. e3 Rb8 12. Nf4 Ne6 13. c5 d5 14. Nxe6 Bxe6 15. Bf4 b6 16. Bxb8 Qxb8 17. Na4 Nd7 18. cxb6 axb6 19. Rc1 Qd6 20. Be2 c5 21. Bb5 c4 22. Qa3 Qxa3 23. bxa3 Nf6 24. Rb1 Rb8 25. Kd2 Kf8 26. Bc6 Bd8 27. Nc3 Ke7 28. Rb4 Kd6 29. Bb5 Kc7 30. Ra4 Kb7 31. Rb1 g6 32. Ra6 Bd7 33. Ra4 Be6 34. Kc2 Bc7 35. Ba6+ Kc6 36. Kd1 Bd8 37. Ke2 Bc7 38. Nb5 Bd8 39. Na7+ Kc7 40. Bb5 Ra8 41. Rbb4 Bd7 42. Bxd7 Kxd7 43. Nb5 Ra5 44. Nc3 Kc6 45. Rxa5 bxa5 46. Rb8 Be7 47. Rb5 Bd8 48. Rc5+ Kd6 49. Rc8 Kd7 50. Ra8 Bb6 51. Na4 Bd8 52. Nc5+ Ke7 53. Ra7+ Ke8 54. Ne6 1-0

[Event "28th Sigeman & Co"]
[Site "Malmo SWE"]
[Date "2023.05.05"]
[Round "2.1"]
[White "Arjun Erigaisi"]
[Black "Nils Grandelius"]
[Result "0-1"]
[EventDate "2023.05.04"]
[WhiteElo "2701"]
[BlackElo "2660"]
[PlyCount "114"]

1. e4 c5 2. Nf3 d6 3. d4 cxd4 4. Nxd4 Nf6 5. Nc3 a6 6. Bg5 e6 7. f4 h6 8. Bh4 Nbd7 9. Qe2 e5 10. fxe5 Nxe5 11. O-O-O Be7 12. Rg1 Be6 13. Nf5 Bxf5 14. exf5 O-O 15. g4 Rc8 16. Be1 Nc4 17. Rg3 d5 18. g5 hxg5 19. Rxg5 Qb6 20. Rxg7+ Kxg7 21. Qg2+ Kh8 22. Bxc4 Rxc4 23. Rd3 Rg4 24. Bg3 d4 25. Nd5 Qd8 26. Qh3+ Nh7 27. Qxg4 Qxd5 28. Qxd4+ Qxd4 29. Rxd4 Rd8 30. Rxd8+ Bxd8 31. Kd2 Kg7 32. Ke3 Bb6+ 33. Ke4 Nf6+ 34. Kf3 Nd7 35. Ke4 Nf6+ 36. Kf3 Kf8 37. Be5 Ke7 38. h4 Bc5 39. c4 Bb4 40. Bf4 Kf8 41. Be5 Be7 42. b3 Nd7 43. Bg3 Kg7 44. Kg4 Kf6 45. Bc7 Bb4 46. Kf4 Be1 47. Bd8+ Kg7 48. Kg4 Ne5+ 49. Kh5 Nd3 50. Bg5 f6 51. Be3 Nb4 52. a3 Nc6 53. b4 Ne5 54. c5 Bc3 55. Bh6+ Kf7 56. Bf4 Nd3 57. Bd6 Bb2 0-1

[Event "TePe Sigeman & Co Chess"]
[Site "Malmo SWE"]
[Date "2023.05.04"]
[Round "1.1"]
[White "Boris Gelfand"]
[Black "Arjun Erigaisi"]
[Result "0-1"]
[EventDate "2023.05.04"]
[WhiteElo "2678"]
[BlackElo "2701"]
[PlyCount "82"]

1. d4 Nf6 2. c4 e6 3. Nf3 d5 4. g3 dxc4 5. Bg2 Nbd7 6. O-O c6 7. a4 b6 8. Nfd2 Ba6 9. Bxc6 Rc8 10. Bb5 Bb7 11. Nc3 h5 12. e4 h4 13. g4 Bb4 14. Qe2 O-O 15. Bxc4 Nb8 16. g5 Ne8 17. Qe3 Nc6 18. d5 Ne5 19. Ba2 exd5 20. Nxd5 Rxc1 21. Nxb4 Rxa1 22. Rxa1 Qxd2 23. Qxd2 Nf3+ 24. Kg2 Nxd2 25. f3 a5 26. Nd5 Bxd5 27. Bxd5 Nc7 28. Ba2 Ne6 29. g6 Rc8 30. Kf2 Kf8 31. Rd1 Nc4 32. gxf7 Kxf7 33. Rc1 Nd6 34. Rxc8 Nxc8 35. e5 Ne7 36. Ke3 Nf5+ 37. Ke4 g6 38. Kd5 Ned4 39. Ke4+ Ke7 40. Bb1 Ne6 41. Bc2 h3 0-1

[Event "ChessKid Cup Play-In"]
[Site "chess.com INT"]
[Date "2023.5.1"]
[Round "2.46"]
[White "Erigaisi Arjun"]
[Black "Alexander Moiseenko"]
[Result "1/2-1/2"]
[EventDate "?"]
[WhiteElo "2660"]
[BlackElo "2602"]
[PlyCount "116"]

1. d4 Nf6 2. c4 e6 3. Nc3 Bb4 4. f3 d5 5. a3 Be7 6. e4 dxe4 7. fxe4 c5 8. d5 exd5 9. exd5 O-O 10. Be2 a6 11. Nf3 h6 12. O-O Bd6 13. h3 Re8 14. Bd3 Nbd7 15. b3 Ne5 16. Ra2 Nxd3 17. Qxd3 Bd7 18. g4 b5 19. g5 bxc4 20. bxc4 Bxh3 21. gxf6 Bxf1 22. Kxf1 Qxf6 23. Ne4 Qf5 24. Nf2 Qxd3+ 25. Nxd3 Re4 26. Rc2 Rb8 27. Nf2 Re7 28. Nh4 Rbe8 29. Nd3 Re4 30. Nf5 Bf8 31. d6 g6 32. Nxh6+ Bxh6 33. Bxh6 Rd4 34. Nxc5 Rxd6 35. Bf4 Rf6 36. Rf2 Rc6 37. Nd7 f6 38. Bc1 Ree6 39. Bb2 Rxc4 40. Nxf6+ Kf7 41. Nd5+ Ke8 42. Rh2 Kd7 43. Rd2 Kc6 44. Nb4+ Kb5 45. Rd5+ Ka4 46. Nd3 Kb3 47. Bd4 Kxa3 48. Ra5+ Kb3 49. Nc5+ Kb4 50. Ra4+ Kb5 51. Rxc4 Kxc4 52. Nxe6 Kd5 53. Nc7+ Kxd4 54. Nxa6 Ke3 55. Kg2 Kf4 56. Nc5 g5 57. Ne6+ Kf5 58. Nxg5 1/2-1/2

[Event "Satty Zhuldyz Blitz"]
[Site "chess24.com"]
[Date "2023.04.25"]
[Round "12"]
[White "Haik M Martirosyan"]
[Black "Erigaisi Arjun"]
[Result "1/2-1/2"]
[EventDate "?"]
[WhiteElo "2770"]
[BlackElo "2737"]
[PlyCount "126"]

1. d4 d6 2. c4 g6 3. Nf3 Bg7 4. g3 Nc6 5. Bg2 Bd7 6. d5 Ne5 7. Nxe5 Bxe5 8. Nd2 c5 9. dxc6 Bxc6 10. Bxc6+ bxc6 11. O-O Bg7 12. Rb1 c5 13. a3 a5 14. Ne4 h5 15. Bg5 Nh6 16. b4 axb4 17. axb4 cxb4 18. c5 dxc5 19. Qxd8+ Rxd8 20. Nxc5 Bc3 21. Ne4 Nf5 22. Rfc1 f6 23. Bf4 h4 24. g4 Nd4 25. Kf1 Ne6 26. Be3 Be5 27. h3 f5 28. gxf5 gxf5 29. Nc5 Kf7 30. Nxe6 Kxe6 31. Rxb4 Bf6 32. Rb5 Rc8 33. Rcb1 Rhd8 34. Kg2 Rd5 35. Kf3 Rxb5 36. Rxb5 Rc4 37. Ra5 Rb4 38. Rc5 Rb3 39. Rc4 Bg5 40. Rc6+ Kf7 41. Rc5 Kf6 42. Rc6+ e6 43. Rc4 f4 44. Rxf4+ Bxf4 45. Kxf4 Rb4+ 46. Kf3 Kf5 47. Bc5 Rf4+ 48. Kg2 Rc4 49. Be3 e5 50. f3 Rc2 51. Kf2 Ra2 52. Bb6 Rd2 53. Bc5 Rd7 54. Bb6 e4 55. Bc5 Rg7 56. Bd6 Ke6 57. Bf4 Kd5 58. Ke3 exf3 59. Kxf3 Ke6 60. e4 Rg8 61. Bc7 Rc8 62. Bf4 Rc4 63. Bg5 1/2-1/2

[Event "Satty Zhuldyz Blitz"]
[Site "chess24.com"]
[Date "2023.04.25"]
[Round "13"]
[White "Erigaisi Arjun"]
[Black "Javokhir Sindarov"]
[Result "1-0"]
[EventDate "?"]
[WhiteElo "2737"]
[BlackElo "2591"]
[PlyCount "100"]

1. d4 Nf6 2. c4 g6 3. Nc3 Bg7 4. e4 d6 5. Be2 c5 6. d5 e6 7. Nf3 O-O 8. Be3 exd5 9. cxd5 Bg4 10. Nd2 Bxe2 11. Qxe2 Re8 12. O-O Nbd7 13. h3 a6 14. a4 Rc8 15. Bf4 Ne5 16. Bh2 Qc7 17. f4 Ned7 18. Nc4 Nb6 19. e5 dxe5 20. fxe5 Nfxd5 21. Nxd5 Nxd5 22. Qf3 Red8 23. Nd6 Nb4 24. Nxc8 Qxc8 25. Qxf7+ Kh8 26. Rad1 Rf8 27. Qe7 Re8 28. Qd7 Nc6 29. Qxc8 Rxc8 30. Rd7 Kg8 31. Rxb7 Re8 32. Rff7 Bf8 33. Rfc7 Nd4 34. Kf2 Ne6 35. Rc6 Bh6 36. Rxa6 c4 37. Raa7 Rf8+ 38. Ke1 Nd4 39. Rxh7 Nc2+ 40. Kd1 Rf1+ 41. Ke2 Re1+ 42. Kf2 Be3+ 43. Kg3 Bxa7 44. Rxa7 Rxe5 45. a5 Rb5 46. a6 Rxb2 47. Rb7 Nb4 48. a7 Rb3+ 49. Kg4 Ra3 50. Rb8+ 1-0

[Event "Satty Zhuldyz Blitz"]
[Site "chess24.com"]
[Date "2023.04.25"]
[Round "14"]
[White "Yifan Hou"]
[Black "Erigaisi Arjun"]
[Result "1-0"]
[EventDate "?"]
[WhiteElo "2601"]
[BlackElo "2737"]
[PlyCount "78"]

1. e4 c5 2. Nf3 d6 3. d4 cxd4 4. Nxd4 Nf6 5. Nc3 g6 6. Be3 Bg7 7. f3 Nc6 8. Qd2 O-O 9. g4 Be6 10. Nxe6 fxe6 11. O-O-O Ne5 12. Be2 Qc8 13. Bd4 Nfd7 14. f4 Nc4 15. Bxc4 Qxc4 16. Bxg7 Kxg7 17. f5 Rac8 18. h4 exf5 19. gxf5 gxf5 20. Qg5+ Kh8 21. Qxe7 Qf7 22. Qxd6 Nb6 23. Rhf1 f4 24. Qd4+ Qg7 25. e5 Rc4 26. Qd6 Rc6 27. Qd4 Rc4 28. Qd6 Rc6 29. Qd4 f3 30. Kb1 Nc4 31. e6 Qxd4 32. Rxd4 Rxe6 33. Rxc4 Rfe8 34. Rd4 Re3 35. Kc1 Rg8 36. Rdd1 Rg2 37. Rd2 Rg4 38. Rdf2 Rg3 39. Nd1 1-0

[Event "Satty Zhuldyz Blitz"]
[Site "chess24.com"]
[Date "2023.04.25"]
[Round "15"]
[White "Erigaisi Arjun"]
[Black "Alexander Grischuk"]
[Result "1/2-1/2"]
[EventDate "?"]
[WhiteElo "2737"]
[BlackElo "2727"]
[PlyCount "94"]

1. d4 d5 2. Bf4 c5 3. e3 Nc6 4. Nf3 Nf6 5. Nbd2 Qb6 6. dxc5 Qxb2 7. Rb1 Qc3 8. Bb5 g6 9. O-O Bg7 10. Nd4 Bd7 11. N2b3 O-O 12. Ne2 Qb4 13. a4 Qa3 14. Ra1 Qb2 15. Rb1 Qa3 16. Ra1 Qb2 17. Qd2 Bf5 18. Bxc6 bxc6 19. Nbd4 Ne4 20. Qa5 Qb7 21. f3 e5 22. Rab1 Qd7 23. Nxf5 gxf5 24. fxe4 exf4 25. exf5 fxe3 26. f6 Bh6 27. Rf3 Kh8 28. Rh3 Qg4 29. Qe1 Rg8 30. Ng3 Bf4 31. Qf1 Bxg3 32. hxg3 Rg6 33. Re1 Re8 34. Re2 Qg5 35. Qf4 Qxf4 36. gxf4 d4 37. c3 Rxf6 38. cxd4 Rxf4 39. Rhxe3 Rxe3 40. Rxe3 Rxd4 41. Re7 Rxa4 42. Rxf7 Rc4 43. Rxa7 Rxc5 44. Rc7 Kg8 45. Kf2 Rf5+ 46. Ke3 Rf6 47. g4 h6 1/2-1/2

[Event "Satty Zhuldyz Blitz"]
[Site "chess24.com"]
[Date "2023.04.25"]
[Round "16"]
[White "Jakhongir Vakhidov"]
[Black "Erigaisi Arjun"]
[Result "0-1"]
[EventDate "?"]
[WhiteElo "2568"]
[BlackElo "2737"]
[PlyCount "58"]

1. d4 d5 2. Nf3 Nf6 3. e3 Bf5 4. Bd3 e6 5. O-O Bg6 6. c4 c6 7. Ne5 Nbd7 8. Nxg6 hxg6 9. Nc3 Bd6 10. h3 Qe7 11. Qb3 dxc4 12. Bxc4 b5 13. Be2 e5 14. d5 Nc5 15. Qc2 b4 16. Na4 cxd5 17. Bb5+ Kf8 18. Nxc5 Bxc5 19. Rd1 Rb8 20. Bf1 g5 21. Qf5 g4 22. hxg4 g6 23. Qg5 Qe6 24. f3 Be7 25. e4 Nxe4 26. Qh6+ Rxh6 27. Bxh6+ Kg8 28. fxe4 Bc5+ 29. Kh2 Qxg4 0-1

[Event "Satty Zhuldyz Blitz"]
[Site "chess24.com"]
[Date "2023.04.25"]
[Round "17"]
[White "Erigaisi Arjun"]
[Black "Bibisara Assaubayeva"]
[Result "1-0"]
[EventDate "?"]
[WhiteElo "2737"]
[BlackElo "2440"]
[PlyCount "114"]

1. d4 Nf6 2. Nc3 d5 3. Bf4 e6 4. Nb5 Na6 5. e3 c6 6. Nc3 Nc7 7. h4 Bd6 8. Nf3 Bxf4 9. exf4 Qd6 10. Ne5 O-O 11. Bd3 c5 12. dxc5 Qxc5 13. Qf3 b5 14. h5 b4 15. Ne2 Ba6 16. g4 Bxd3 17. cxd3 Qd6 18. O-O Nd7 19. d4 f6 20. Nxd7 Qxd7 21. Rac1 Nb5 22. Rc5 Nd6 23. Rfc1 Rac8 24. f5 Ne4 25. fxe6 Qxe6 26. Nf4 Rxc5 27. Rxc5 Qe8 28. Rxd5 Ng5 29. Qe3 Qc6 30. Kh2 Re8 31. Rc5 Qd7 32. Rc7 Qd8 33. Qb3+ Kh8 34. Qc4 Qd6 35. Qc1 Qxd4 36. Rc2 Qe4 37. Re2 Qa8 38. Qc7 Rxe2 39. Nxe2 h6 40. Nd4 Qe4 41. Nf5 Qe5+ 42. Qxe5 fxe5 43. Kg3 Kh7 44. Ne7 Ne4+ 45. Kf3 Nd2+ 46. Ke2 Ne4 47. Nc6 Nf6 48. Nxe5 Kg8 49. f3 Kf8 50. Nc6 Nd5 51. Nxa7 Ke7 52. Kd3 Kd6 53. Kd4 Nc7 54. Kc4 Ne6 55. Nb5+ Ke5 56. Kxb4 Kf4 57. a4 1-0

[Event "Satty Zhuldyz Blitz"]
[Site "chess24.com"]
[Date "2023.04.25"]
[Round "18"]
[White "Boris Gelfand"]
[Black "Erigaisi Arjun"]
[Result "1/2-1/2"]
[EventDate "?"]
[WhiteElo "2601"]
[BlackElo "2737"]
[PlyCount "198"]

1. Nf3 d5 2. g3 g6 3. Bg2 Bg7 4. d4 Nf6 5. O-O O-O 6. c4 Nc6 7. cxd5 Nxd5 8. e3 Nb6 9. Nc3 a5 10. d5 Bxc3 11. dxc6 Bf6 12. Nd4 bxc6 13. Qc2 Bb7 14. Rd1 Qc8 15. Nxc6 a4 16. Bd2 a3 17. Bc3 Bxc6 18. Bxc6 axb2 19. Qxb2 Na4 20. Bxa4 Bxc3 21. Qxc3 Rxa4 22. Rd4 Ra7 23. a4 Qb7 24. h4 h5 25. a5 Qb5 26. Rc4 Qd7 27. Rc5 Rb8 28. Rc1 Rba8 29. Rxc7 Rxc7 30. Qxc7 Qxc7 31. Rxc7 Rxa5 32. Rxe7 Kg7 33. Kg2 Ra2 34. Rd7 Kf6 35. Kf3 Ke6 36. Rb7 Kf6 37. e4 Rc2 38. Ke3 Ra2 39. Rb6+ Kg7 40. f3 Ra3+ 41. Kf4 Ra5 42. Rd6 Rb5 43. Rd5 Rb4 44. g4 hxg4 45. Kxg4 Rb1 46. h5 gxh5+ 47. Rxh5 Kg6 48. Rg5+ Kf6 49. Ra5 Rg1+ 50. Kf4 Rh1 51. e5+ Ke6 52. Ra6+ Ke7 53. Ke4 Rh4+ 54. f4 Rh1 55. Ra7+ Kf8 56. Kf5 Rh5+ 57. Kg4 Rh6 58. Kg5 Rg6+ 59. Kf5 Rh6 60. Rd7 Ke8 61. Rd6 Rh4 62. Kg5 Rh1 63. Ra6 Rg1+ 64. Kf5 Rh1 65. Ra8+ Ke7 66. Ra7+ Kf8 67. Rd7 Ke8 68. Rb7 Kf8 69. Kg5 Rg1+ 70. Kf6 Rg6+ 71. Kf5 Rh6 72. Rd7 Ke8 73. Rd6 Rh1 74. Kf6 Rh6+ 75. Kg7 Rh4 76. f5 Rg4+ 77. Kf6 Rh4 78. Kg5 Rh1 79. Ra6 Ke7 80. Ra7+ Kf8 81. Ra8+ Ke7 82. f6+ Kd7 83. Rf8 Rg1+ 84. Kh6 Ke6 85. Re8+ Kf5 86. Kh7 Rg5 87. Re7 Kf4 88. e6 fxe6 89. f7 Rf5 90. Kg6 e5 91. Re6 Rxf7 92. Kxf7 e4 93. Rf6+ Kg3 94. Re6 Kf4 95. Ke7 e3 96. Kd6 Kf3 97. Kd5 e2 98. Kd4 Kf2 99. Kd3 1/2-1/2

[Event "Satty Zhuldyz Blitz"]
[Site "chess24.com"]
[Date "2023.04.25"]
[Round "19"]
[White "Erigaisi Arjun"]
[Black "Vincent Keymer"]
[Result "0-1"]
[EventDate "?"]
[WhiteElo "2737"]
[BlackElo "2651"]
[PlyCount "84"]

1. d4 Nf6 2. Bg5 d5 3. e3 c5 4. Bxf6 gxf6 5. dxc5 Nc6 6. Bb5 e6 7. b4 a5 8. c3 Bg7 9. Nd2 f5 10. Ne2 O-O 11. Bxc6 bxc6 12. a3 e5 13. O-O Re8 14. Nb3 axb4 15. cxb4 Ba6 16. Qd2 Qd7 17. Rfd1 f4 18. exf4 Bxe2 19. Qxe2 exf4 20. Qd2 Bxa1 21. Rxa1 Qf5 22. h3 Re4 23. Qc3 Rc4 24. Qf3 Qf6 25. Re1 Rc3 26. Qg4+ Kh8 27. Na5 Rg8 28. Qh5 Rxa3 29. Qe5 Qxe5 30. Rxe5 f3 31. g4 Rg6 32. Kh2 Ra4 33. Re8+ Kg7 34. Rb8 Re6 35. Kg3 Ra2 36. h4 Ree2 37. Nxc6 Rxf2 38. Nd4 Rf1 39. c6 f2 40. Nf5+ Kf6 41. Ne3 Re1 42. Nxd5+ Kg7 0-1